[Event "ESP-chT"]
[Site "Salamanca"]
[Date "1998.??.??"]
[Round "6"]
[White "Narciso Dublan, Marc"]
[Black "Pomes Marcet, Juan"]
[Result "1-0"]
[WhiteElo "2460"]
[BlackElo "2395"]

1.c4 c6 2.e4 d5 3.exd5 cxd5 4.d4 Nf6 5.Nc3 g6 6.Qb3 Bg7 7.cxd5 O-O 8.Be2 Nbd7
9.Nh3 Nb6 10.Nf4 a5 11.O-O Qd6 12.Re1 Rd8 13.Bf3 a4 14.Qd1 Bd7 15.Qe2 Rac8
16.a3 Re8 17.g3 h6 18.h4 h5 19.Be3 Bf5 20.Rad1 Qd7 21.Bc1 Nc4 22.Nd3 Bxd3
23.Qxd3 Nb6 24.Re5 Nc4 25.Re2 Nb6 26.Re5 Nc4 27.Rde1 Ng4 28.R5e2 Nd6 29.Bf4 Nf5
30.Be5 Nf6 31.Qb5 Qxb5 32.Nxb5 Red8 33.Nc3 Rc4 34.Rd2 Ra8 35.Be2 Rcc8 36.Bb5 Ra5
37.Bd3 Nd6 38.Bxd6 exd6 39.Nb5 Bf8 40.Rde2 Nxd5 41.Re8 Rxe8 42.Rxe8 Ra6 43.Nc3 Ra5
44.Ne4 Nc7 45.Rb8 Ne6 46.Bc4 Nxd4 47.Rxb7 Nf3+ 48.Kg2 Rf5 49.Rxf7 Rxf7 50.Bxf7+ Kxf7
51.Kxf3 Ke6 52.Nc3 Ke5 53.Ke3 Bh6+ 54.Kd3 Kf5 55.Nxa4 Kg4 56.Nc3 Kf3 57.Nd1 g5
58.hxg5 Bxg5 59.a4 Bd8 60.b4 Bb6 61.a5 Ba7 62.b5 Bc5 63.b6 d5 64.Nc3  1-0

[Event "ESP-chT"]
[Site "Salamanca"]
[Date "1998.??.??"]
[Round "7"]
[White "Mellado Trivino, Juan"]
[Black "Gonzalez Perez, Lutgarda"]
[Result "1-0"]
[WhiteElo "2460"]
[BlackElo "2205"]

1.c4 c6 2.e4 d5 3.exd5 cxd5 4.d4 Nf6 5.Nc3 Nc6 6.Bg5 Qa5 7.Bxf6 exf6 8.cxd5 Bb4
9.Qd2 Bxc3 10.bxc3 Qxd5 11.Nf3 O-O 12.Be2 Na5 13.O-O Bd7 14.Rfe1 Rac8 15.Bd3 Rfd8
16.Rac1 b5 17.Qf4 Nc4 18.Re7 Qd6 19.Qxd6 Nxd6 20.Nd2 Kf8 21.Ree1 Be6 22.Nb3 Rc7
23.Rc2 Bd5 24.Nc5 Nb7 25.Na6 Rc6 26.Bxb5 Rb6 27.Bd3 Rc8 28.h4 g6 29.Nb4 Be6
30.Be4 Nd6 31.Nd5 Nxe4 32.Nxb6 axb6 33.Rxe4 Bf5 34.Ree2 Bxc2 35.Rxc2 b5 36.Kf1 Ke7
37.Ke2 Ke6 38.Kd3 Kd5 39.Rb2 Kc6 40.Re2 Kd6 41.a4 bxa4 42.Ra2 Ra8 43.c4 f5
44.Kc3 f4 45.Kb4 f3 46.gxf3 Rb8+ 47.Kxa4 Rb1 48.Ka5 Rd1 49.Ra4 Rxd4 50.Kb5 Rd3
51.Ra6+ Kd7 52.Ra7+ Ke6 53.c5 Rxf3 54.Ra2 Kd7 55.c6+ Kc7 56.Ra7+ Kc8 57.Kb6 Rb3+
58.Kc5 Rc3+ 59.Kd6 Rd3+ 60.Ke7 f5 61.Kf6 Rd6+ 62.Kg5 Rxc6 63.Rxh7 Rc2 64.f4 Rg2+
65.Kf6 Rf2 66.Kxg6 Rxf4 67.h5 Kd8 68.h6 Rg4+ 69.Kxf5 Rh4 70.Kg5 Rh1 71.Rg7  1-0

[Event "Balazs mem op"]
[Site "Salgotarjan"]
[Date "1998.??.??"]
[Round "9"]
[White "Horvath, Gyula"]
[Black "Kiss, Pal"]
[Result "1-0"]
[WhiteElo "2465"]
[BlackElo "2435"]

1.c4 c6 2.d4 d5 3.Nf3 Nf6 4.Qc2 dxc4 5.Qxc4 Bf5 6.Nc3 e6 7.g3 Nbd7 8.Bg2 Be7
9.O-O O-O 10.Re1 Ne4 11.Bf4 Qb6 12.Nh4 Bxh4 13.Nxe4 Bxe4 14.Bxe4 Bf6 15.Red1 Rad8
16.Rab1 g6 17.b4 a6 18.a4 e5 19.dxe5 Nxe5 20.Qc5 Qc7 21.b5 axb5 22.axb5 Rfe8
23.bxc6 bxc6 24.e3 Re6 25.Rxd8+ Qxd8 26.Bxe5 Bxe5 27.Bxc6 Qd6 28.Qxd6 Rxd6
29.Ba4 Ra6 30.Rb4 Bd6 31.Rd4 Rb6 32.Rd5 Kf8 33.Kg2 Ke7 34.Ra5 Rb7 35.Bc6 Rc7
36.Ra6 Bc5 37.Bd5 Rd7 38.e4 Ra7 39.Rc6 Bd4 40.f4 Rb7 41.Kf3 Ra7 42.e5 Bg1
43.Rf6 Ke8 44.h4 Bc5 45.h5 Kf8 46.Rc6 Be7 47.h6 Ke8 48.Rc8+ Bd8 49.Rb8 Rc7
50.g4 Ra7 51.Bb3 Rc7 52.Ke4 Ra7 53.f5  1-0

[Event "Salsomaggiore Terme op"]
[Site "Salsomaggiore Terme"]
[Date "1998.??.??"]
[Round "6"]
[White "Pangrazzi, Marco"]
[Black "Tencati, Giuseppe"]
[Result "1/2-1/2"]
[WhiteElo "2250"]
[BlackElo "2040"]

1.c4 c6 2.Nf3 d5 3.e3 Nf6 4.Nc3 e6 5.b3 Nbd7 6.Bb2 a6 7.Rc1 b5 8.cxd5 cxd5
9.Bd3 Bb7 10.Bb1 Be7 11.h3 Rc8 12.d3 Qb6 13.O-O O-O 14.Qe2 Rfd8 15.d4 Bd6
16.Nd2 Bb8 17.f4 Ne8 18.Nf3 f5 19.g4 Nd6 20.Nh4 Rf8 21.Rf2 Qd8 22.g5 Qb6  1/2-1/2

[Event "San Benedetto op"]
[Site "San Benedetto"]
[Date "1998.??.??"]
[Round "?"]
[White "Ragozin, Evgeni"]
[Black "Piva, Giorgio"]
[Result "1-0"]
[WhiteElo "2480"]
[BlackElo "2165"]

1.c4 c6 2.d4 d5 3.Nf3 Nf6 4.Nc3 e6 5.Bg5 Be7 6.e3 O-O 7.Rc1 Nbd7 8.Bd3 dxc4
9.Bxc4 Nd5 10.Bxe7 Qxe7 11.O-O Nxc3 12.Rxc3 e5 13.Re1 e4 14.Nd2 Nf6 15.a3 a5
16.Bb3 Be6 17.Rc5 Nd7 18.Rc1 Bxb3 19.Nxb3 Rfd8 20.Qc2 Kf8 21.Rb1 a4 22.Nd2 Re8
23.b4 axb3 24.Rxb3 Nf6 25.Reb1 Reb8 26.Nc4 g6 27.Qb2 Ra7 28.Ne5 Qd6 29.Rb6 Nd7
30.Nxd7+ Qxd7 31.d5 Rd8 32.Qh8+ Ke7 33.Qxh7 Qxd5 34.h3 Rd7 35.R6b4 Ke8 36.Rd4 Qe6
37.Qh8+ Ke7 38.Qh4+ Kf8 39.Rxe4  1-0

[Event "San Jose op"]
[Site "San Jose"]
[Date "1998.??.??"]
[Round "4"]
[White "Laliena, Luis"]
[Black "Delgado Montanes, Jose Antonio"]
[Result "0-1"]
[WhiteElo "2245"]
[BlackElo "2125"]

1.c4 c6 2.e4 d5 3.exd5 cxd5 4.d4 Nf6 5.Nc3 e6 6.Nf3 Bb4 7.Bd3 Nc6 8.O-O O-O
9.a3 Bxc3 10.bxc3 dxc4 11.Bxc4 Na5 12.Ba2 b6 13.Qd3 Bb7 14.Ne5 Be4 15.Qg3 Rc8
16.Bg5 Bg6 17.Qh4 Bf5 18.g4 Bg6 19.Rac1 h6 20.Nxg6 Qe8 21.Bxf6 fxg6 22.Be5 Nc4
23.Bxc4 Rxc4 24.Qg3 Qc6 25.f4 b5 26.Qd3 Kh7 27.h4 Rc8 28.h5 Qe8 29.Bd6 R4c6
30.Bb4 Qd8 31.Qxg6+ Kg8 32.g5 e5 33.Qf5 exd4 34.Rfd1 Qe8 35.Qd5+ Kh8 36.Qxd4 Qxh5
37.Rd2 Rc4 38.Qe3 Re8 39.Qg3 Rce4 40.Rcd1 Re3 41.Qg2 Qh4 42.gxh6 Re1+ 43.Rxe1 Rxe1+
44.Qf1 Rxf1+ 45.Kxf1 Qxf4+ 46.Rf2 Qxh6 47.Ke2 Qe6+ 48.Kf3 g5 49.Rd2 Qf5+
50.Kg2 Qe4+ 51.Kf1 Qh1+ 52.Kf2 g4 53.Rd8+ Kh7 54.Rd7+ Kg6 55.Rd6+ Kf7 56.Bc5 Qh2+
57.Ke1 Qe5+  0-1

[Event "San Salvador-ch"]
[Site "San Salvador"]
[Date "1998.??.??"]
[Round "1.2"]
[White "Gutierrez, Jose Remberto"]
[Black "Guevara Sanchez, Erick Marvin"]
[Result "0-1"]
[WhiteElo "2210"]
[BlackElo "2140"]

1.c4 c6 2.Nf3 d5 3.b3 Nf6 4.g3 Bf5 5.Bg2 e6 6.O-O Bd6 7.d3 h6 8.Nbd2 O-O
9.Bb2 Nbd7 10.e4 Bg4 11.Qc2 dxe4 12.dxe4 Qc7 13.Rfe1 e5 14.h3 Bxf3 15.Nxf3 a5
16.a3 Qd8 17.Red1 Qe7 18.Nh4 Bc5 19.Nf5 Qe6 20.Bc3 g6 21.Nh4 Rfd8 22.Qd2 a4
23.b4 Bf8 24.Qe2 c5 25.Nf3 Ne8 26.b5 f6 27.Rac1 Qf7 28.Bf1 Nc7 29.Bb2 Ne6
30.Rd5 Rdc8 31.Nh4 Kh7 32.Qg4 Nb6 33.Nxg6 Nxd5 34.exd5 Qxg6 35.Qxe6 Re8 36.Qd7+ Re7
37.Qd6 Rf7 38.Qe6 Re7 39.Qb6 Rd7 40.h4 Bd6 41.Bh3 f5 42.Re1 e4 43.Rxe4 fxe4
44.Bxd7 e3 45.Qxb7 exf2+ 46.Kxf2 Rf8+ 47.Bf5+ Kg8 48.g4 Rxf5+ 49.gxf5 Qxf5+
50.Ke2 Qg4+ 51.Ke3 Qf4+ 52.Ke2 Qxc4+ 53.Kf2 Qxh4+ 54.Kf3 Qg3+ 55.Ke2 Qg2+
56.Ke3 Qxb2 57.Qc8+ Bf8 58.Qe6+ Kh8 59.b6 Qxa3+ 60.Ke4 Qb4+ 61.Kf5 Qb1+ 62.Kf6 Qb2+
63.Kf7 Qg7+ 64.Ke8 a3 65.d6 Bxd6 66.Qxd6 a2 67.b7 a1=Q 68.b8=Q Qe1+ 69.Kd8 Qh4+
70.Kc8 Qhg4+ 71.Kd8 Q4g5+ 72.Ke8 Qf5 73.Kd8 Qff8+  0-1

[Event "Sao Paulo State-ch3"]
[Site "Sao Caetano"]
[Date "1998.??.??"]
[Round "?"]
[White "Vescovi, Giovanni"]
[Black "Bussmann, Henrique"]
[Result "1-0"]
[WhiteElo "2480"]
[BlackElo "2040"]

1.c4 c6 2.d4 d5 3.Nf3 e6 4.Nc3 Bd6 5.e4 dxe4 6.Nxe4 Bb4+ 7.Bd2 Bxd2+ 8.Qxd2 Nf6
9.Bd3 Nxe4 10.Bxe4 Nd7 11.O-O-O Nf6 12.Bc2 O-O 13.Ne5 b5 14.c5 Bb7 15.Qd3 a5
16.h4 b4 17.Ng4 g6 18.Ne5 a4 19.h5 Qe7 20.hxg6 fxg6 21.Qh3 Nd5 22.Bxg6  1-0

[Event "Liechtenstein op"]
[Site "Schaan"]
[Date "1998.??.??"]
[Round "5"]
[White "Habibi, Ali"]
[Black "Khenkin, Igor"]
[Result "0-1"]
[WhiteElo "2335"]
[BlackElo "2565"]

1.c4 c6 2.b3 d5 3.Bb2 Bg4 4.h3 Bh5 5.d3 e6 6.Nd2 Nd7 7.Ngf3 Ngf6 8.g3 Bd6
9.Bg2 O-O 10.O-O Re8 11.Re1 e5 12.e4 dxe4 13.dxe4 a5 14.Qc2 Nc5 15.Re3 Nfd7
16.Nh4 Ne6 17.Nf5 Bc5 18.Ree1 Nd4 19.Nxd4 exd4 20.g4 Bg6 21.Rad1 Qb6 22.Nf3 d3
23.Rxd3 Rxe4 24.Rxe4 Bxe4 25.Qc3 Bxf2+ 26.Kh1 Nf6 27.Rd7 Re8 28.Rxf7 Kxf7
29.Ng5+ Kg8 30.Nxe4 Nxe4  0-1

[Event "GER-ch U20"]
[Site "Schierke"]
[Date "1998.??.??"]
[Round "8"]
[White "Janz, Frerik"]
[Black "Lipinsky, Fabian"]
[Result "1-0"]
[WhiteElo "2220"]
[BlackElo "2395"]

1.c4 c6 2.e4 d5 3.exd5 cxd5 4.d4 Nf6 5.Nc3 e6 6.Nf3 Be7 7.cxd5 Nxd5 8.Bd3 Nc6
9.O-O O-O 10.Re1 Kh8 11.a3 Bd7 12.Bc2 Rc8 13.Qd3 g6 14.Bh6 Re8 15.Bb3 Nxc3
16.bxc3 Bf6 17.Rad1 Na5 18.Ba2 Ba4 19.Rb1 a6 20.Ne5 Kg8 21.Qh3 Rc7 22.Ng4 Nc4
23.Bf4 e5 24.dxe5 Bg7 25.e6 fxe6 26.Bxc7 Qxc7 27.Nh6+ Kh8 28.Rxe6 Rf8 29.Ng4 Bc2
30.Rbe1 Bf5 31.Re7 Qf4 32.Rxg7 Kxg7 33.Re7+ Rf7 34.Rxf7+ Kxf7 35.Bxc4+ Kg7
36.Be2 Qc1+ 37.Bf1 Qf4 38.Qe3 Qxg4 39.Qe7+ Kh6 40.Qxb7 a5 41.Qb6 Qa4 42.Qe3+ g5
43.c4  1-0

[Event "Staufer op 10th"]
[Site "Schwaebisch Gmuend"]
[Date "1998.??.??"]
[Round "8"]
[White "Gheng, Josef"]
[Black "Tscharotschkin, Michael"]
[Result "1/2-1/2"]
[WhiteElo "2350"]
[BlackElo "2175"]

1.c4 c6 2.e3 e5 3.b3 g6 4.Bb2 Bg7 5.Nc3 Ne7 6.Nf3 O-O 7.Qc2 d5 8.d3 d4 9.exd4 exd4
10.Ne2 c5 11.g3 Nbc6 12.Bg2 Qa5+ 13.Kf1 Bf5 14.a3 Qc7 15.Bc1 Rae8 16.h3 Bc8
17.Kg1 Ne5 18.Nxe5 Bxe5 19.Bh6 Bg7 20.Bxg7 Kxg7 21.b4 b6 22.bxc5 bxc5 23.Rb1 Nf5
24.Kh2 Re5 25.Nf4 Rfe8 26.Qa4 h5 27.Qc6 Qa5 28.Rhf1 Qd2 29.Rbd1 Qc2 30.Bd5 Ne3
31.Bxf7 Nxf1+ 32.Rxf1 Kxf7 33.Qxg6+ Kf8 34.Qf6+ Kg8 35.Qg6+ Kf8  1/2-1/2

[Event "Seefeld op 9th"]
[Site "Seefeld"]
[Date "1998.??.??"]
[Round "3"]
[White "Joerdens, Detlef"]
[Black "Thoeny, Hermann"]
[Result "1/2-1/2"]
[WhiteElo "2070"]
[BlackElo "2240"]

1.c4 c6 2.Nc3 d5 3.cxd5 cxd5 4.d4 Nf6 5.Nf3 a6 6.Bf4 Ne4 7.Nxe4 dxe4 8.Ng5 e5
9.dxe5 Qa5+ 10.Bd2 Qxe5 11.Qa4+ Nc6 12.Qxe4 Qxe4 13.Nxe4 Nb4 14.Bxb4 Bxb4+
15.Nc3  1/2-1/2

[Event "RUS-ch"]
[Site "Sochi"]
[Date "1998.??.??"]
[Round "6"]
[White "Ostrovsky, Axelander"]
[Black "Bykhovsky, Anatoly A"]
[Result "1-0"]
[WhiteElo "2335"]
[BlackElo "2420"]

1.c4 c6 2.d4 d5 3.cxd5 cxd5 4.Nc3 Nf6 5.Nf3 e6 6.Bf4 Nc6 7.e3 Bd6 8.Bxd6 Qxd6
9.Bd3 a6 10.O-O b5 11.Nd2 e5 12.dxe5 Nxe5 13.Be2 O-O 14.Nde4 Nxe4 15.Nxe4 Qd8
16.Nc5 Qd6 17.Rc1 Rd8 18.Qd4 Nc6 19.Qh4 Qe7 20.Qxe7 Nxe7 21.Rfd1 Ra7 22.Nb3 Kf8
23.Nd4 Ke8 24.Rc5 Bd7 25.Rdc1 Rc8 26.Bf3 Kd8 27.Rxc8+ Bxc8 28.Bxd5 f6 29.Ne6+ Bxe6
30.Bxe6 a5 31.e4 b4 32.f4 Ra6 33.Rd1+  1-0

[Event "Solin"]
[Site "Solin"]
[Date "1998.??.??"]
[Round "2"]
[White "Kozul, Zdenko"]
[Black "Anic, Darko"]
[Result "1-0"]
[WhiteElo "2585"]
[BlackElo "2455"]

1.c4 c6 2.Nf3 f5 3.g3 g6 4.Bg2 Bg7 5.O-O e5 6.d3 d6 7.Nc3 Nh6 8.c5 Nf7 9.cxd6 Qxd6
10.Nd2 Be6 11.Qc2 Na6 12.a3 O-O 13.b4 Nc7 14.Nb3 b6 15.Bb2 Rac8 16.Rac1 Rfd8
17.Rfd1 Nd5 18.Nd2 Qf8 19.Qb1 Nd6 20.Qa1 Ne7 21.a4 Nf7 22.b5 Qe8 23.Ba3 Nd5
24.Nxd5 Bxd5 25.Bxd5 Rxd5 26.Qa2 Rdd8 27.bxc6 Rxc6 28.Rxc6 Qxc6 29.Rc1 Qd7
30.Nf3 Bf6 31.Qc4 Kg7 32.Bb2 Qe7 33.h4 h6 34.e4 Rd7 35.Qb5 Nd6 36.Qc6 Nf7
37.Rc3 Qd8 38.Qc4 fxe4 39.dxe4 Rd1+ 40.Kg2 Rb1 41.Rd3 Qe8 42.Rd2 g5 43.Qd3 Rxb2
44.Rxb2 Qxa4 45.Rc2 Bd8 46.hxg5 hxg5 47.Rc8 Be7 48.Rc7  1-0

[Event "Split"]
[Site "Split"]
[Date "1998.??.??"]
[Round "6"]
[White "Ljubicic, Filip"]
[Black "Glavas, Dragan"]
[Result "1-0"]
[WhiteElo "2385"]
[BlackElo "2300"]

1.c4 c6 2.e4 d5 3.exd5 cxd5 4.d4 Nf6 5.Nc3 Nc6 6.Nf3 e6 7.Bd3 Bb4 8.O-O dxc4
9.Bxc4 O-O 10.Bg5 Be7 11.Re1 Nd5 12.Bxd5 Bxg5 13.Bxc6 bxc6 14.Nxg5 Qxg5 15.Re5 Qe7
16.Rc5 Bd7 17.b4 Rfd8 18.Qf3 Be8 19.Qe3 h6 20.a3 a5 21.bxa5 Rd7 22.h3 Qd8
23.Ne2 Rda7 24.Rb1 Rxa5 25.Rxa5 Qxa5 26.Rb3 Qa7 27.Nf4 Rd8 28.Rb4 Ra8 29.a4 c5
30.dxc5 Bxa4 31.Nh5 Bd1 32.f3 Qa1 33.Kh2 Bc2 34.c6 Qa6 35.Qc3 f6 36.Qxc2 Qa5
37.Qg6 Qc7+ 38.Qg3 Qxg3+ 39.Kxg3 Rc8 40.Rb7 Rxc6 41.Rxg7+  1-0

[Event "Petrov mem"]
[Site "St Petersburg"]
[Date "1998.??.??"]
[Round "6"]
[White "Vunder, A."]
[Black "Polyakov, Dmitriy"]
[Result "1-0"]
[WhiteElo "2310"]
[BlackElo "2205"]

1.c4 c6 2.e4 d5 3.exd5 cxd5 4.d4 Nf6 5.Nc3 Nc6 6.a3 e6 7.Nf3 Be7 8.cxd5 Nxd5
9.Bd3 Bf6 10.Be4 O-O 11.O-O Nce7 12.Ne5 Nxc3 13.bxc3 Bxe5 14.dxe5 Qa5 15.Qd4 Ng6
16.f4 Rd8 17.Qb4 Qc7 18.Be3 Bd7 19.Qxb7 Qxc3 20.Rfe1 h6 21.g3 Qa5 22.Qb4 Qxb4
23.axb4 Rab8 24.Rxa7 Rxb4 25.Bxg6 fxg6 26.Rd1 Rb3 27.Bf2  1-0

[Event "Petrov mem"]
[Site "St Petersburg"]
[Date "1998.??.??"]
[Round "9"]
[White "Vaulin, Alexander"]
[Black "Yagupov, Igor"]
[Result "1-0"]
[WhiteElo "2535"]
[BlackElo "2450"]

1.c4 c6 2.e4 d5 3.cxd5 cxd5 4.exd5 Nf6 5.Bb5+ Nbd7 6.Nc3 a6 7.Qa4 g6 8.Nf3 Bg7
9.O-O O-O 10.Bxd7 Qxd7 11.Qxd7 Bxd7 12.Re1 Rfe8 13.d4 Rad8 14.Bg5 Bg4 15.Ne5 Bc8
16.Bxf6 exf6 17.Nc4 Rxe1+ 18.Rxe1 f5 19.Rd1 f4 20.f3 Bf8 21.Kf2 b5 22.Ne5 f6
23.Nc6 Rd7 24.Rc1 Kf7 25.a3 Bb7 26.Ke2 g5 27.Kd3 h5 28.h3 Kg6 29.Ne4 Rh7
30.Nc5 Kf5 31.Nxb7 Rxb7 32.Nd8 Rd7 33.Ne6 Bd6 34.Rc6 a5 35.Rb6 b4 36.a4 b3
37.Kc4 Bb4 38.Nc5 Rd8 39.d6 g4 40.hxg4+ hxg4 41.Kd5  1-0

[Event "Rilton CupJ 26th"]
[Site "Stockholm"]
[Date "1998.??.??"]
[Round "6"]
[White "Siegbahn, Patrick"]
[Black "Celander, Jesper"]
[Result "0-1"]
[WhiteElo "2065"]
[BlackElo "2100"]

1.c4 c6 2.d4 d5 3.cxd5 cxd5 4.Nc3 Nf6 5.Bf4 Nc6 6.e3 a6 7.Bd3 e6 8.h3 Bd6
9.Nf3 Bxf4 10.exf4 Bd7 11.O-O O-O 12.Rc1 b5 13.Bb1 b4 14.Na4 Ne4 15.Nc5 Nxc5
16.Rxc5 Qf6 17.Qc2 Rfc8 18.Qxh7+ Kf8 19.Rfc1 Ke7 20.Ne5 Nxd4 21.Nxd7 Kxd7
22.Qd3 Rxc5 23.Rxc5 Qxf4 24.Bc2 Qc1+ 25.Kh2 Nxc2 26.Rxc2 Qf4+ 27.g3 Qd6 28.f4 Rc8
29.Rd2 Ke7 30.Qh7 g6 31.Qh4+ Kd7 32.Qf6 Qe7 33.Qd4 Rc7 34.Qb6 Qd6 35.Qd4 Qc5
36.Qd3 Qc4 37.Qxc4 Rxc4 38.Kg2 Kd6 39.Kf3 f5 40.Re2 a5 41.g4 fxg4+ 42.Kxg4 a4
43.b3 axb3 44.axb3 Rc3 45.h4 Ke7 46.Rb2 Kf6 47.Rb1 d4 48.Rd1 d3 49.Rb1 d2
50.Rd1 Rd3 51.h5 gxh5+ 52.Kxh5 Kf5 53.Kh4 Kxf4 54.Rf1+ Ke3 55.Rf6 d1=Q 56.Rxe6+ Kd4  0-1

[Event "SVK-chT1W 9798"]
[Site "SVK"]
[Date "1998.??.??"]
[Round "?"]
[White "Ruckschloss, Karol"]
[Black "Cibulka, Vladimir"]
[Result "1/2-1/2"]
[WhiteElo "2215"]
[BlackElo "2320"]

1.c4 c6 2.d4 d5 3.Nc3 Nf6 4.Nf3 a6 5.e3 b5 6.cxd5 cxd5 7.Ne5 e6 8.Bd3 Bb7
9.O-O Be7 10.Qf3 O-O 11.Qh3 Nbd7 12.Bd2 g6 13.Rad1 Rc8 14.f3 Qb6 15.Nxd7 Nxd7
16.Ne2 Rfd8  1/2-1/2

[Event "SVK-chT1W 9798"]
[Site "SVK"]
[Date "1998.??.??"]
[Round "?"]
[White "Krajnak, Robert"]
[Black "Kovacova, Zuzana"]
[Result "0-1"]
[WhiteElo "2190"]
[BlackElo "2015"]

1.c4 c6 2.g3 d5 3.Bg2 e6 4.Qc2 Nf6 5.d4 Bd6 6.Bg5 Nbd7 7.Nc3 h6 8.Bxf6 Nxf6
9.Nf3 O-O 10.O-O Rb8 11.Rfd1 Qe7 12.Rac1 Nd7 13.e4 dxc4 14.e5 Bc7 15.Ne4 b5
16.b3 Nb6 17.a4 a5 18.axb5 cxb5 19.bxc4 Nxc4 20.Nfd2 Nxd2 21.Rxd2 Bb6 22.Nd6 Bd7
23.Bf1 b4 24.d5 exd5 25.Rxd5 Be6 26.Rb5 Bd7 27.Rd5 b3 28.Qe4 g6 29.Bd3 Qg5
30.Rd1 Bc6 31.Bc4 Bxd5 32.Qxd5 Qe7 33.Bxb3 Rbd8 34.Qb5 Qa7 35.Rd2 Bc5  0-1

[Event "SVK-chT1W 9798"]
[Site "SVK"]
[Date "1998.??.??"]
[Round "?"]
[White "Abel, Peter"]
[Black "Blaho, Stefan"]
[Result "1/2-1/2"]
[WhiteElo "2285"]
[BlackElo "2185"]

1.c4 c6 2.Nf3 d5 3.e3 Nf6 4.b3 g6 5.Bb2 Bg7 6.Be2 O-O 7.O-O c5 8.cxd5 Nxd5
9.Bxg7 Kxg7 10.Qc1 b6 11.d4 cxd4 12.Nxd4 Bb7 13.Rd1 Nd7 14.Bf3 Qc8 15.Qb2 N5f6
16.Nc3 Bxf3 17.Nxf3 Kg8 18.e4 Qb8 19.Ne2 e5 20.Ng3 Re8 21.b4 Qb7 22.Rd6 Rac8
23.Rad1 Rc6 24.Qd2 Rxd6 25.Qxd6 Re6 26.Qd3 Rc6 27.Nf1  1/2-1/2

[Event "SVK-chT 9899"]
[Site "SVK"]
[Date "1998.??.??"]
[Round "1"]
[White "Stohl, Igor"]
[Black "Kiss, P."]
[Result "1-0"]
[WhiteElo "2540"]
[BlackElo "2435"]

1.c4 c6 2.e4 d5 3.exd5 cxd5 4.d4 Nf6 5.Nc3 Nc6 6.Bg5 e6 7.Nf3 Be7 8.c5 Ne4
9.Bxe7 Qxe7 10.Qd3 Nb4 11.Qb5+ Nc6 12.Nxe4 dxe4 13.Ne5 O-O 14.Nxc6 bxc6 15.Qxc6 Bb7
16.Qa4 Rfc8 17.Rc1 Bc6 18.Bb5 Bxb5 19.Qxb5 Rab8 20.Qe2 Qg5 21.O-O Qd5 22.b3 Qxd4
23.Rc4 Qe5 24.b4 f5 25.Rfc1 Qf6 26.c6 Rc7 27.g3 Qe7 28.a3 a5 29.Qb2 axb4
30.axb4 Rb5 31.Rc5 Rxc5 32.Rxc5 Qd6 33.Qc1 Qd4 34.b5 Qb4 35.Qc4  1-0

[Event "SVK-chT 9899"]
[Site "SVK"]
[Date "1998.??.??"]
[Round "3"]
[White "Abel, Peter"]
[Black "Kriz, Oliver"]
[Result "1/2-1/2"]
[WhiteElo "2295"]
[BlackElo "2225"]

1.c4 c6 2.Nf3 d5 3.b3 Nf6 4.Bb2 e6 5.e3 b6 6.Be2 Be7 7.O-O O-O 8.d4 Bb7 9.Nbd2 Nbd7
10.cxd5 cxd5 11.Bd3 Rc8 12.Qe2 Qc7 13.Rfc1 Qb8 14.Nf1 Rxc1 15.Rxc1 Rc8 16.Rxc8+ Qxc8
17.Ne1 Nb8 18.Qc2  1/2-1/2

[Event "SVK-chT1W 9899"]
[Site "SVK"]
[Date "1998.??.??"]
[Round "4"]
[White "Abel, Peter"]
[Black "Kujovic, Michal"]
[Result "1/2-1/2"]
[WhiteElo "2295"]
[BlackElo "2310"]

1.c4 c6 2.Nf3 Nf6 3.b3 d5 4.Bb2 Bf5 5.e3 e6 6.Be2 Nbd7 7.O-O Bd6 8.d4 O-O
9.Nbd2 Qc7 10.c5 Be7 11.b4 Ne4 12.Nxe4 Bxe4 13.Nd2 Bf5 14.f4 Bg6 15.g4 f5
16.g5 h6 17.gxh6 gxh6 18.Kh1 Kh7 19.Bc3 Nf6 20.h3 Rg8 21.Rg1 Bf7 22.Bf3 Rxg1+
23.Qxg1 Bh5 24.Bxh5 Nxh5 25.Qf2 Rg8 26.Rg1 Qd8 27.Nf3 Rxg1+ 28.Qxg1 Nf6 29.Be1 Ne4
30.Kh2 Qe8 31.Qg2 Qh5 32.a3 Nf6 33.Kg1 Ng8 34.Kf1 Bf6 35.Ke2 Ne7 36.Kd3 Ng6
37.a4 a6 38.Qf1 Nh4 39.Bxh4 Bxh4 40.Qe2 Kh8 41.Qg2  1/2-1/2

[Event "SVK-chT 9798"]
[Site "SVK"]
[Date "1998.??.??"]
[Round "6"]
[White "Banas, Jan"]
[Black "Dovzik, Juri"]
[Result "0-1"]
[WhiteElo "2395"]
[BlackElo "2375"]

1.c4 c6 2.e4 d5 3.exd5 cxd5 4.d4 Nf6 5.Nc3 e6 6.Nf3 Bb4 7.cxd5 Nxd5 8.Bd2 Be7
9.Bd3 Nc6 10.a3 O-O 11.O-O Nxc3 12.bxc3 b6 13.Qc2 g6 14.Bh6 Re8 15.h4 Bf8
16.Qd2 Bb7 17.Bxf8 Rxf8 18.Qf4 Rc8 19.h5 Ne7 20.Rac1 Nd5 21.Qh6 Qf6 22.hxg6 hxg6
23.Rfe1 Nxc3 24.Ne5 Qg7 25.Qh4 Nd5 26.Be4 g5 27.Qg3 f6 28.Nf3 Rxc1 29.Rxc1 Nf4
30.Re1 Ba6 31.d5 exd5 32.Bf5 Ne2+ 33.Rxe2 Bxe2 34.Nd4 Re8 35.Be6+ Rxe6 36.Nxe6 Qe7
37.Nd4 Bh5 38.Nc6 Qe1+ 39.Kh2 Be8 40.Qb8 Qe6 41.Nxa7 d4 42.Qd8 Qd7 43.Qxf6 Qxa7
44.Qxd4 Qc7+ 45.g3 Bf7 46.Qf6 Qc5 47.Kh3 Bh5 48.Qh6 Qf5+ 49.Kg2 Bf3+ 50.Kh2 Qh7
51.Qh3 Qxh3+ 52.Kxh3 g4+ 53.Kh4 Kf7  0-1

[Event "SVK-chT 9798"]
[Site "SVK"]
[Date "1998.??.??"]
[Round "6"]
[White "Safyanovsky, Mark"]
[Black "Blaho, Stefan"]
[Result "1-0"]
[WhiteElo "2395"]
[BlackElo "2180"]

1.c4 c6 2.Nf3 d5 3.b3 Nf6 4.Bb2 g6 5.g3 Bg7 6.Bg2 O-O 7.O-O Bf5 8.d3 Qc8
9.Re1 Bh3 10.Bh1 h6 11.Nbd2 Nbd7 12.Rc1 Qb8 13.cxd5 cxd5 14.Ba3 Re8 15.e4 dxe4
16.dxe4 Ng4 17.Qe2 Nde5 18.Bg2 Bxg2 19.Kxg2 Nxf3 20.Nxf3 Ne5 21.Red1 Nc6
22.Rd7 Rd8 23.Qd3 Rxd7 24.Qxd7 Qc8 25.Rd1 Kf8 26.h4 Qxd7 27.Rxd7 Rb8 28.h5 Ke8
29.Rd2 g5 30.Nh2 Rd8 31.Rxd8+ Kxd8 32.f4 gxf4 33.gxf4 e6 34.Ng4 Kd7 35.f5 exf5
36.exf5 f6 37.Bc1 Nd4 38.Bxh6 Bh8 39.Be3 Nxf5 40.Bxa7 Bg7 41.Kf3 Ke6 42.Bc5 Nh4+
43.Kg3 Nf5+ 44.Kf4 Nh6 45.Nxh6 Bxh6+ 46.Ke4 f5+ 47.Kf3 Ke5 48.a4 f4 49.Bb6 Bf8
50.Bc7+ Kd4 51.Kxf4 Kc3 52.Kg5 Kxb3 53.a5 Bb4 54.h6 Bd2+ 55.Bf4 Bxa5 56.h7 Bc3
57.Kf5 b5 58.Be5 Bxe5 59.Kxe5 b4 60.h8=Q Kc2  1-0

[Event "SVK-chT 9798"]
[Site "SVK"]
[Date "1998.??.??"]
[Round "8"]
[White "Demeter, Peter"]
[Black "Hyll, Jan"]
[Result "1-0"]
[WhiteElo "2230"]
[BlackElo "2075"]

1.c4 c6 2.Nf3 d5 3.g3 Nf6 4.Bg2 Bg4 5.O-O e6 6.h3 Bh5 7.b3 Be7 8.Bb2 O-O
9.d3 Bxf3 10.Bxf3 Nbd7 11.Nd2 h6 12.Qc2 Nh7 13.Bg2 Bf6 14.e4 Bxb2 15.Qxb2 dxe4
16.dxe4 Nc5 17.Rad1 Qc7 18.b4 Nd3 19.Qc3 Ne5 20.f4 Ng6 21.e5 f6 22.exf6 Nxf6
23.Rfe1 Rfe8 24.Ne4 Nxe4 25.Rxe4 a5 26.a3 axb4 27.axb4 Nf8 28.Rde1 Red8 29.f5 Rd7
30.fxe6 Re7 31.h4 Rae8 32.Bh3 c5 33.b5 Qd6 34.Qe3 b6 35.Bf5 Ra8 36.Re5 Ra4
37.Re4 Ra2 38.Re5 Ra4 39.Qd3 Qxd3 40.Bxd3 Ra3 41.R1e3 g6 42.h5 Kg7 43.Kf2 Kf6
44.hxg6 Nxg6 45.Rf5+ Kg7 46.Rd5 Ra8 47.Rd6 Rb8 48.Bxg6 Kxg6 49.Kf3 Kf6 50.Kf4 h5
51.Re5 Kg6 52.Ke4 Rbb7 53.Kd5 Kh6 54.Rd8  1-0

[Event "SWE-chT 9899"]
[Site "Sweden"]
[Date "1998.??.??"]
[Round "5"]
[White "Cramling, Dan"]
[Black "Barkhagen, Jonas"]
[Result "0-1"]
[WhiteElo "2445"]
[BlackElo "2415"]

1.c4 c6 2.e4 d5 3.exd5 cxd5 4.cxd5 Nf6 5.Nc3 Nxd5 6.Nf3 Nxc3 7.bxc3 g6 8.Qa4+ Nc6
9.Ne5 Bd7 10.Nxd7 Qxd7 11.Bb5 Qe6+ 12.Be2 Bg7 13.d4 Qe4 14.f3 Qh4+ 15.g3 Qh3
16.Kf2 O-O 17.Rb1 e5 18.Rxb7 Rac8 19.d5 Nd4 20.cxd4 Rxc1 21.Rxc1 Qxh2+ 22.Ke1 Bh6
23.Rc3 Qxg3+  0-1

[Event "Szeged TT08 IM"]
[Site "Szeged"]
[Date "1998.??.??"]
[Round "6"]
[White "Paschall, William M"]
[Black "Shankar, Roy"]
[Result "1/2-1/2"]
[WhiteElo "2365"]
[BlackElo "2370"]

1.c4 c6 2.d4 d5 3.Nf3 Nf6 4.Nc3 e6 5.Bg5 dxc4 6.e4 b5 7.e5 h6 8.Bh4 g5 9.Nxg5 hxg5
10.Bxg5 Nbd7 11.g3 Qb6 12.exf6 Bb7 13.Bg2  1/2-1/2

[Event "EST-chT"]
[Site "Tallinn"]
[Date "1998.??.??"]
[Round "10"]
[White "Gavrikov, Viktor"]
[Black "Liiva, Riho"]
[Result "1/2-1/2"]
[WhiteElo "2555"]
[BlackElo "2435"]

1.c4 c6 2.Nf3 d5 3.d4 Nf6 4.Nc3 e6 5.Bg5 h6 6.Bxf6 Qxf6 7.Qb3 Nd7 8.e4 dxe4
9.Nxe4 Qf4 10.Bd3 e5 11.dxe5 Nxe5 12.Nxe5 Qxe5 13.O-O Be7 14.f4 Qd4+ 15.Kh1 f5
16.Rae1 O-O 17.Ng3 Bc5 18.Re5 g6 19.Ne2 Qd6 20.Rd1 b6 21.Bxf5 Qf6 22.Bxc8 Raxc8
23.g3 Rce8 24.Rxe8 Rxe8 25.Qc2 Re3 26.Kg2 Qe6 27.Nc3 Bb4 28.Rd2 Kf7 29.Re2 Bxc3
30.Rxe3 Qxe3 31.bxc3 Kf6 32.a4 h5 33.h3 c5 34.h4 Kg7 35.Kh2 Kf6 36.Kg2 Qe6
37.Qd3 Qc6+ 38.Kf2 Qxa4 39.Qd6+ Kf7 40.Qd5+ Kf6 41.Qe5+ Kf7 42.Qd5+ Kf6 43.Qd6+ Kf7
44.Qd5+ Kf6 45.Qe5+  1/2-1/2

[Event "EST-chT"]
[Site "Tallinn"]
[Date "1998.??.??"]
[Round "10"]
[White "Raud, Rainer"]
[Black "Sergejev, Roman"]
[Result "1/2-1/2"]
[WhiteElo "2385"]
[BlackElo "2385"]

1.c4 c6 2.Nf3 d5 3.e3 Nf6 4.Nc3 e6 5.a3 Nbd7 6.b4 dxc4 7.Bxc4 Bd6 8.Bb2 e5
9.d3 Qe7 10.h3 b6 11.b5 Bb7 12.O-O O-O 13.bxc6 Bxc6 14.Nb5 Bb8 15.a4 a6 16.Ba3 Nc5
17.Nc3 Bd6 18.d4 exd4 19.exd4 Nce4 20.Nxe4 Bxe4 21.Bb2 Qb7 22.Re1 b5 23.axb5 axb5
24.Rxa8 Rxa8 25.Bb3 Bd5 26.Ne5 Bxb3 27.Qxb3 Qd5 28.Re3 Rc8  1/2-1/2